| 000 | 00549nam a2200217 a 4500 | ||
|---|---|---|---|
| 999 |
_c7773 _d7773 |
||
| 001 | 7773 | ||
| 003 | BD-JhCC | ||
| 005 | 20180213180948.0 | ||
| 008 | 180213s1960 b a|||| || | 000 0 eng d | ||
| 035 | _a(BD-JhCC)7773 | ||
| 040 |
_aBD-JhCC _dBD-JhCC |
||
| 041 | _aeng | ||
| 082 |
_a940 _bHAS 1960 |
||
| 100 | _aHasan, S. M. | ||
| 245 |
_aAn Outline History of Modern Europe / _cS. M. Hasan, |
||
| 260 |
_aDacca : _bEast Bengal Publishers, _c1962 |
||
| 300 |
_a397 p. : _bill. ; _c18 cm. |
||
| 650 | _aEurope | ||
| 942 |
_2ddc _cBK |
||